Laboreo de minas / (Record no. 158582)

MARC details
000 -LEADER
campo de control de longitud fija 00640nam a2200181 i 4500
001 - NÚMERO DE CONTROL
campo de control 158582
003 - IDENTIFICADOR DE NÚMERO DE CONTROL
campo de control ES-MaACL
005 - FECHA Y HORA DE LA ÚLTIMA TRANSACCIÓN
campo de control 20250627063652.0
008 - DATOS DE LONGITUD FIJA--INFORMACIÓN GENERAL
campo de control de longitud fija 950111m18891892sp a |||| | spa d
100 1# - ENTRADA PRINCIPAL--NOMBRE DE PERSONA
Nombre de persona Malo de Molina, Manuel,
Fechas asociadas al nombre 1843-
9 (RLIN) 167429
245 10 - MENCIÓN DEL TÍTULO
Título Laboreo de minas /
Mención de responsabilidad, etc. por Manuel Malo de Molina.
260 ## - PUBLICACIÓN, DISTRIBUCIÓN, ETC.
Lugar de publicación, distribución, etc. Cartagena :
Nombre del editor, distribuidor, etc. [s.n.],
Fecha de publicación, distribución, etc. 1889-1892 (
Fabricante Establ. tipo-litogr. de Marcial Ventura)
300 ## - DESCRIPCIÓN FÍSICA
Extensión 3 v. (877, IX ; 680, VIII p.) :
Otras características físicas il. ;
Dimensiones 28 cm.
594 ## - Nota al título y mención de responsabilidad
Nota al título y mención de responsabilidad El v. 3 es un atlas.
650 #4 - PUNTO DE ACCESO ADICIONAL DE MATERIA--TÉRMINO DE MATERIA
Término de materia o nombre geográfico como elemento de entrada Tecnología minera.
9 (RLIN) 167430
852 ## - LOCALIZACIÓN
Ubicación ES-MaACL
Número de control de estantería G-7765-67
Nota libre - Enc. pasta española
Holdings
Estatus retirado Estado de pérdida Estado de daño No para préstamo Colección Biblioteca de origen Biblioteca actual Ubicación en estantería Fecha de adquisición Total de préstamos Signatura topográfica completa Código de barras Visto por última vez Precio de reemplazo Tipo de ítem Koha
        Libros del s. XIX Biblioteca del Ateneo de Madrid Biblioteca del Ateneo de Madrid Sala Pecera Planta 3 17/01/2008   G-7765-67 1165985 23/02/2023 23/02/2023 Libro impreso antiguo